RABINDRACHITRAVALI/ (Record no. 200801)
[ view plain ]
| 000 -LEADER | |
|---|---|
| fixed length control field | 00594nam a22001937a 4500 |
| 005 - DATE AND TIME OF LATEST TRANSACTION | |
| control field | 20240215152139.0 |
| 010 ## - LCCN (DPL NO) | |
| LC control number | ENG-139294 EN-122826 |
| 020 ## - INTERNATIONAL STANDARD BOOK NUMBER | |
| Terms of availability | 2400.00 |
| International Standard Book Number | 9788189323400 |
| 035 ## - SYSTEM CONTROL NUMBER | |
| System control number | ENG-139294 |
| 035 ## - SYSTEM CONTROL NUMBER | |
| System control number | EN-122826 |
| 082 ## - DEWEY DECIMAL CLASSIFICATION NUMBER | |
| Classification number | 759.95414 |
| 245 ## - TITLE STATEMENT | |
| Title | RABINDRACHITRAVALI/ |
| Remainder of title | Paintings of Rabindranath Tagore; |
| 246 ## - VARYING FORM OF TITLE | |
| Title proper/short title | RAB |
| 260 ## - PUBLICATION, DISTRIBUTION, ETC. (IMPRINT) | |
| Place of publication, distribution, etc | Kolkata |
| Name of publisher, distributor, etc | Pratikshan |
| 270 ## - ADDRESS | |
| City | Kolkata |
| Address | 7 Jawaharlal Nehru Road , Kokata 700013 |
| 300 ## - PHYSICAL DESCRIPTION | |
| Extent | 131p. |
| Dimensions | 31cm(pb) |
| 500 ## - GENERAL NOTE | |
| General note | Principles, Concepts, and Applications What, Why and How |
| 942 ## - ADDED ENTRY ELEMENTS (KOHA) | |
| Source of classification or shelving scheme | Dewey Decimal Classification |
| Item type | English Books |
| Classification part | 759.95414 |
No items available.
